000 01145nam a22002895i 4500
001 175714
003 ES-MaACL
005 20251114105615.0
008 101118s2005 sp |||| | glg d
020 _a84-8289-342-4
080 _a327(460:410)"16"
080 _a327(410:460)"16"
080 _a929 Gondomar, Diego Sarmiento de Acuña, Conde de
080 _a929 Bristol, John Digby, Earl of
100 0 _aTobío Campos, Lois.
_9110379
245 1 0 _aDous embaixadores
_b: Digby e Gondomar /
_cLois Tobío ; [tradución, María Xosé González Chamorro].
260 _aGondomar [Pontevedra] :
_bInstituto de Estudos Miñoranos,
_cD. L. 2005.
300 _a87 p. ;
_c24 cm.
600 1 7 _aGondomar, Diego Sarmiento de Acuña,
_cConde de,
_d1567-1626
_2
_9127381
600 1 4 _aBristol, John Digby
_cEarl of (
_d1580-1654)
_9143991
651 4 _aEspaña-
_xRelaciones-
_zGran Bretaña.
_9143992
651 4 _aGran Bretaña-
_xRelaciones-
_zEspaña.
_9143993
700 1 _aGonzález Chamorro, María Xosé.
_9143990
710 2 _aInstituto de Estudos Miñoranos.
_9147854
852 _aES-MaACL
_jE-13565
999 _c175714
_d175714